MARC

LEADER 00000nam0a2200000 4500
001 305826
005 20231102001834.0
035 |a (RuTPU)RU\TPU\book\331101 
035 |a RU\TPU\book\53281 
035 |a RU\TPU\book\53305 
090 |a 305826 
100 |a 20030422d1976 m y0rusy50 ca 
101 0 |a rus 
102 |a UA 
105 |a a j 001zy 
200 1 |a Теплотехника  |e [учебник для вузов]  |f И. Т. Швец [и др.] 
205 |a 3-е изд., перераб. и доп. 
210 |a Киев  |c Вища школа  |d 1976 
215 |a 518 с.  |c ил., черт. 
320 |a Библиогр. в конце глав 
488 1 |0 (RuTPU)RU\TPU\book\111177  |t Теплотехника  |l Heat Engineering  |o пер. с укр.  |f И. Т. Швец, В. И. Толубинский, Н. Ф. Кираковский [и др.]  |c Москва  |n Мир  |d 1975  |p 570 с. 
606 1 |a Теплотехника  |x Теоретические основы  |2 stltpush  |3 (RuTPU)RU\TPU\subj\74141  |9 86648 
610 1 |a учебники 
610 1 |a термодинамика 
610 1 |a водяной пар 
610 1 |a истечение 
610 1 |a дросселирование 
610 1 |a циклы 
610 1 |a теплопроводность 
610 1 |a тепловое излучение 
610 1 |a теплообменные аппараты 
610 1 |a котельные установки 
610 1 |a топки 
610 1 |a пароперегреватели 
610 1 |a поршневые машины 
610 1 |a двигатели внутреннего сгорания 
610 1 |a паровые турбины 
610 1 |a газовые турбины 
610 1 |a тепловые электрические станции 
610 1 |a атомные электрические станции 
610 1 |a теплообмен 
610 1 |a массообмен 
610 1 |a топливо 
610 1 |a горение 
675 |a 621.1.016(075.8)  |v 3 
701 1 |a Швец  |b И. Т.  |g Иван Трофимович 
701 1 |a Толубинский  |b В. И.  |g Всеволод Иванович 
701 1 |a Алабовский  |b А. Н. 
701 1 |a Кираковский  |b Н. Ф.  |g Николай Феликсович 
701 1 |a Недужий  |b И. А.  |g Иван Афанасьевич 
701 1 |a Пивоваров  |b П. А. 
801 1 |a RU  |b 63413507  |c 20150930 
801 2 |a RU  |b 63413507  |c 20201001  |g RCR 
942 |c BK